<?xml version="1.0" encoding="UTF-8"?>
<record
    xmlns:xsi="http://www.w3.org/2001/XMLSchema-instance"
    xsi:schemaLocation="http://www.loc.gov/MARC21/slim http://www.loc.gov/standards/marcxml/schema/MARC21slim.xsd"
    xmlns="http://www.loc.gov/MARC21/slim">

  <leader>04213cam a2200373   4500500</leader>
  <controlfield tag="005">20260517000350.0</controlfield>
  <datafield tag="041" ind1=" " ind2=" ">
    <subfield code="a">fre</subfield>
  </datafield>
  <datafield tag="042" ind1=" " ind2=" ">
    <subfield code="a">dc</subfield>
  </datafield>
  <datafield tag="100" ind1="1" ind2="0">
    <subfield code="a">Yaya, Issifou</subfield>
    <subfield code="e">author</subfield>
  </datafield>
  <datafield tag="700" ind1="1" ind2="0">
    <subfield code="a">Sitsop&#xE9; Toudeka, Ayawavi</subfield>
    <subfield code="e">author</subfield>
  </datafield>
  <datafield tag="700" ind1="1" ind2="0">
    <subfield code="a">N&#x2019;Dri, Kouam&#xE9; Mathias</subfield>
    <subfield code="e">author</subfield>
  </datafield>
  <datafield tag="700" ind1="1" ind2="0">
    <subfield code="a">Idrissou, Daoudou</subfield>
    <subfield code="e">author</subfield>
  </datafield>
  <datafield tag="700" ind1="1" ind2="0">
    <subfield code="a">Vignikin, Kokou</subfield>
    <subfield code="e">author</subfield>
  </datafield>
  <datafield tag="700" ind1="1" ind2="0">
    <subfield code="a">d&#x2019;Alessandro, Eug&#xE9;nie</subfield>
    <subfield code="e">author</subfield>
  </datafield>
  <datafield tag="245" ind1="0" ind2="0">
    <subfield code="a">Perception des messages de pr&#xE9;vention de l&#x2019;infection &#xE0; VIH chez les chauffeurs routiers au Togo : cas du panneau d&#x2019;affichage &#xAB;&#xA0;Roulez Prot&#xE9;g&#xE9;&#xA0;&#xBB;</subfield>
  </datafield>
  <datafield tag="260" ind1=" " ind2=" ">
    <subfield code="c">2015.
							</subfield>
  </datafield>
  <datafield tag="500" ind1=" " ind2=" ">
    <subfield code="a">4</subfield>
  </datafield>
  <datafield tag="520" ind1=" " ind2=" ">
    <subfield code="a">Introduction&#xA0;: Le Togo fait partie des pays ouest-africains dans lesquels la pr&#xE9;valence du VIH reste &#xE9;lev&#xE9;e dans la population g&#xE9;n&#xE9;rale. Plusieurs interventions de contr&#xF4;le et de lutte contre le VIH/sida ont &#xE9;t&#xE9; mises en &#x153;uvre dont certaines ciblent les groupes &#xE0; haut risque parmi lesquels les routiers. Le but de cette &#xE9;tude est de cerner la perception des routiers du message de pr&#xE9;vention diffus&#xE9; &#xE0; partir du panneau &#xAB;&#xA0;Roulez Prot&#xE9;g&#xE9;&#xA0;&#xBB;. M&#xE9;thodes&#xA0;: Une &#xE9;tude qualitative a &#xE9;t&#xE9; r&#xE9;alis&#xE9;e aupr&#xE8;s des routiers sur le site du &#xAB;&#xA0;Terminal du Sahel&#xA0;&#xBB; &#xE0; Lom&#xE9;, &#xE0; travers des&#xA0;entretiens individuels semi-directifs qui se sont d&#xE9;roul&#xE9;s en fran&#xE7;ais et parfois en langue locale en mai&#xA0;2013. R&#xE9;sultats&#xA0;: Au total, 24&#xA0;routiers ont &#xE9;t&#xE9; interview&#xE9;s. Les r&#xE9;sultats montrent que la totalit&#xE9; des routiers ont d&#xE9;j&#xE0; entendu parler du VIH/sida. Ils arrivent &#xE0; &#xE9;num&#xE9;rer les voies de transmission de VIH et les moyens de pr&#xE9;vention. En revanche, ils ont une tr&#xE8;s faible perception du risque de contracter le VIH. Tous les routiers interrog&#xE9;s ont vu le panneau &#xAB;&#xA0;Roulez Prot&#xE9;g&#xE9;&#xA0;&#xBB;. Cependant, notre enqu&#xEA;te montre que le message est majoritairement mal compris par ce public. Ils expliquent notamment qu&#x2019;ils y voient une forme de mise en accusation de leur groupe professionnel et expriment un sentiment de culpabilit&#xE9;. Conclusion&#xA0;: Au Togo, les routiers constituent une population &#xE0; haut risque d&#x2019;infection &#xE0; VIH, aupr&#xE8;s de laquelle il faut intensifier les interventions de pr&#xE9;vention de l&#x2019;infection &#xE0; VIH.</subfield>
  </datafield>
  <datafield tag="520" ind1=" " ind2=" ">
    <subfield code="a">Perception of HIV infection prevention messages by truck drivers in Togo with respect to the &#xAB;&#xA0;Roulez Prot&#xE9;g&#xE9;&#xA0;&#xBB; billboard Background: Togo is one of the West African countries in which HIV prevalence remains high in the general population. Several HIV prevention interventions have targeted truck drivers. The purpose of this study was to describe and analyse the perceptions of truck drivers with respect to the HIV prevention message of the &#xAB;&#xA0;Roulez Prot&#xE9;g&#xE9;&#xA0;&#xBB; billboard. Methods: A qualitative study was conducted among truck drivers at &#x201C;Terminal du Sahel&#x201D; in Lom&#xE9; in May 2013 in French and sometimes in a local language. The data generated by this survey were submitted to qualitative analysis. Results: A total of 24 truck drivers were interviewed. They had already heard about HIV/AIDS and were able to list various modes of HIV transmission and various ways of protecting oneself from HIV. However, they had a poor perception of the risk of contracting HIV infection. Although all participants had seen the &#x201C;Roulez Prot&#xE9;g&#xE9;&#x201D; billboard several times in various places, it made them feel guilty, as it suggested that they were responsible for spread of the HIV/AIDS epidemic. Truck drivers had a poor understanding of the message expressed by this billboard. Conclusion: In Togo, truck drivers constitute a group at high risk of HIV, in which prevention interventions must be intensified.</subfield>
  </datafield>
  <datafield tag="690" ind1=" " ind2=" ">
    <subfield code="a">conduite automobile</subfield>
  </datafield>
  <datafield tag="690" ind1=" " ind2=" ">
    <subfield code="a">&#xE9;ducation pour la sant&#xE9;</subfield>
  </datafield>
  <datafield tag="690" ind1=" " ind2=" ">
    <subfield code="a">infections &#xE0; VIH</subfield>
  </datafield>
  <datafield tag="690" ind1=" " ind2=" ">
    <subfield code="a">perception</subfield>
  </datafield>
  <datafield tag="690" ind1=" " ind2=" ">
    <subfield code="a">r&#xE9;pertoire et panneaux de localisation</subfield>
  </datafield>
  <datafield tag="690" ind1=" " ind2=" ">
    <subfield code="a">Togo</subfield>
  </datafield>
  <datafield tag="690" ind1=" " ind2=" ">
    <subfield code="a">automobile driving</subfield>
  </datafield>
  <datafield tag="690" ind1=" " ind2=" ">
    <subfield code="a">health education</subfield>
  </datafield>
  <datafield tag="690" ind1=" " ind2=" ">
    <subfield code="a">HIV infections</subfield>
  </datafield>
  <datafield tag="690" ind1=" " ind2=" ">
    <subfield code="a">location directories and signs</subfield>
  </datafield>
  <datafield tag="690" ind1=" " ind2=" ">
    <subfield code="a">perception</subfield>
  </datafield>
  <datafield tag="690" ind1=" " ind2=" ">
    <subfield code="a">Togo</subfield>
  </datafield>
  <datafield tag="786" ind1="0" ind2=" ">
    <subfield code="n">Sant&#xE9; Publique | 27 | 1 | 2015-03-18 | p. 89-97 | 0995-3914</subfield>
  </datafield>
  <datafield tag="856" ind1="4" ind2="1">
    <subfield code="u">https://stm.cairn.info/revue-sante-publique-2015-1-page-89?lang=fr&amp;redirect-ssocas=7080</subfield>
  </datafield>
  <datafield tag="999" ind1=" " ind2=" ">
    <subfield code="c">2231714</subfield>
    <subfield code="d">2231714</subfield>
  </datafield>
</record>
